Kpop - Guess my bias - Statistiques

Statistiques générales
  • Ce quiz a été pris 308 fois
  • Le résultat moyen est 12 sur 48
Statistiques - réponses
Group Réponse % Correct
blackpink jennie
84%
bts suga
73%
aespa winter
73%
stray kids lee know
58%
enhypen heeseung
53%
itzy yuna
53%
i-dle minnie
49%
le sserafim chaewon
48%
stray kids seungmin
48%
ive rei
41%
twice momo
38%
red velvet (ult) wendy
38%
seventeen (ult) mingyu
34%
ateez yunho
34%
txt soobin
32%
ateez hongjoong
29%
mamamoo solar
29%
exo do
28%
seventeen dk
25%
nmixx haewon
23%
exo (ult) chanyeol
21%
p1harmony intak
21%
nct 127 haechan
19%
nct dream haechan
19%
superm ten
16%
wayv ten
16%
superm baekhyun
15%
girls' generation taeyeon
15%
nct 127 yuta
15%
nct dream jisung
14%
astro mj
13%
nct dream chenle
12%
p1harmony jongseob
12%
shinee onew
11%
nct (ult) doyoung
10%
got7 jinyoung
10%
zerobaseone hanbin
8%
2pm junho
7%
gfriend sinb
7%
stayc sumin
6%
riize sungchan
5%
btob eunkwang
4%
xg (not really kpop i know) hinata
4%
the boyz sunwoo
4%
dreamcatcher yoohyeon
3%
purple kiss go eun
1%
xikers minjae
1%
super junior eunhyuk
0%
Aucun quiz correspondant
Distribution des résultats
% des personnes avec chaque résultat
Percentile par nombre de réponses
Votre historique - résultats
Vous n’avez pas pris ce quiz